| 000 | 00641nam a2200229 a 4500 | ||
|---|---|---|---|
| 005 | 20230624064102.0 | ||
| 008 | 031001s2003 mx r 000 0 spa d | ||
| 020 | _a9507249877 | ||
| 035 | _aUPN01000144104 | ||
| 049 | _aCG | ||
| 050 | 4 |
_aHQ801 _bH4.2 2003 |
|
| 100 | 1 | _aHernández, Helen | |
| 245 | 1 | 0 |
_aAmigos y amantes : _bla pareja perfecta / _cHelen Hernández. |
| 250 | _a2a ed. | ||
| 260 |
_aBuenos Aires : _bLumen, _c2003. |
||
| 300 | _a236 p. | ||
| 440 | 0 | _aTemas actuales | |
| 650 | 4 |
_aRelaciones de pareja _96414 |
|
| 650 | 0 |
_aRelación hombre-mujer _91566 |
|
| 650 | 4 |
_aRelaciones interpersonales _91551 |
|
| 905 | _aLibro | ||
| 999 |
_c116251 _d116251 |
||